000
00228nam a2200109Ia 4500
100
_a
Sharadkumar/ Shah
942
_c
BK
245
_a
Applied Chemistry-11
260
_b
C.Jamnadas and Co
_c
2014
546
_a
ENGLISH
999
_c
31819
_d
31819